000 00574nam a2200217Ia 4500
003 OSt
005 20220923230829.0
006 a|||||r|||| 00| 0
007 ta
008 Pun
024 _a305,951
037 _cTextual
040 _aARTS
_cARTS
_bPun
041 _2Pun
_aPun
082 _aP153, L6
100 _aਪ੍ਰੇਮ ਪ੍ਰਕਾF ਸਿੰਘ
245 0 _aਪੰਜਾਬੀ ਭਾFਾ ਦਾ ਪਿਛੋਕੜ
260 _c1976
942 _hP153, L6
_cTEXL
_2CC
999 _c387738
_d387738